World geograhy: educational challenges (Record no. 2787)

MARC details
000 -LEADER
fixed length control field 00479nam a22001577a 4500
003 - CONTROL NUMBER IDENTIFIER
control field URS
005 - DATE AND TIME OF LATEST TRANSACTION
control field 20220114142256.0
008 - FIXED-LENGTH DATA ELEMENTS--GENERAL INFORMATION
fixed length control field 190731s1983 a|||| |||| 00| 0 eng d
040 ## - CATALOGING SOURCE
Transcribing agency URS
Language of cataloging eng
Modifying agency rda
050 14 - LIBRARY OF CONGRESS CALL NUMBER
Classification number G 126
Item number .W92711 1983
245 00 - TITLE STATEMENT
Title World geograhy: educational challenges
Remainder of title educational challenges/
260 ## - PUBLICATION, DISTRIBUTION, ETC.
Place of publication, distribution, etc. Massachusetts:
Name of publisher, distributor, etc. D.C Health and Company;
Date of publication, distribution, etc. [1983]
300 ## - PHYSICAL DESCRIPTION
Extent xxiii, 488 pages:
Other physical details with Illustrations;
Dimensions 25 cm.
504 ## - BIBLIOGRAPHY, ETC. NOTE
Bibliography, etc. note Includes index
942 ## - ADDED ENTRY ELEMENTS (KOHA)
Source of classification or shelving scheme Library of Congress Classification
Koha item type Foreign Books
Holdings
Withdrawn status Source of classification or shelving scheme Damaged status Not for loan Collection code Home library Current library Shelving location Date acquired Total Checkouts Full call number Barcode Date last seen Price effective from Koha item type
  Library of Congress Classification     Non-fiction Cainta College Library Cainta College Library On Display 09/07/2017   G126.W92711 1983 URSCAI-285 09/07/2017 09/07/2017 Foreign Books
  Library of Congress Classification     Non-fiction Cainta College Library Cainta College Library On Display 09/07/2017   G126.W92711 1983 URSCAI-286 09/07/2017 09/07/2017 Foreign Books

University of Rizal System
Email us at univlibservices@urs.edu.ph

Visit our Website www.urs.edu.ph/library